000 01657cam a22001814a 4500
005 20250605164356.0
008 250528s ||||||||||||||||||||||||d
035 _a24327
040 _aGR-AtMCL
_bgre
_dGR-AtMCL
_eAACR2
245 1 _aΓια Πρώτη Φορά στην Ευρώπη: Στρατηγική Συνεργασία του Πανεπιστημίου του Χάρβαρντ με το Ι.Δ.Ε.Μ.Ε.Δ. του Ε.Β.Ε.Α. / Αφιέρωμα: Οι Προοπτικές της Οικονομίας για το 2017
260 _bΕμπορικό Και Βιομηχανικό Επιμελητήριο Αθηνών,
_c2017
300 _a64
520 _aΤο Πρόγραμμα EaSI και οι Νέες Πρωτοβουλίες της Ε.Ε. για τους Παρόχους Μικροχρηματοδότησης και Κοινωνικής Χρηματοδότησης, Ποιό είναι Πραγματικά το Επόμενο Μεγάλο Στοίχημα της Ελληνικής Οικονομίας, Παραμένουν τα Σύννεφα στην Ελληνική Αγορά και το 2017, Ασφαλιστικό 2017: Οι Μεγάλες Ανατροπές, Δημόσια Έργα: Εν Αναμονή Σημαντικών Ολοκληρώσεων, Κοινοτική Χρηματοδότηση 1,6 δις Ευρώ Μπήκε στην Ελληνική Οικονομία το 2016, Νέα Ταμεία για την Ενίσχυση Επιχειρήσεων και Ιδιοκτητών Ακινήτων.
700 1 _aΜίχαλος Κωνσταντίνος
_94319
942 _cCR
999 _c9216
_d9216